000 00505nam a2200169 a 4500
005 20140412111330.0
008 030110s19uu xx 00 eng d
020 _a0-02-278204-4
050 _aM 500
_bSc416 2000
245 _aRocky homes :
_bMcGraw-Hill science.
260 _aNew York :
_bMcGraw-Hill School Division,
_c2000.
300 _a1 v. (unp.) ; ill.
440 _aNational Geographic Society
650 _aStones
_xstudy and teaching
650 _aRocks
_xStudy and teaching
999 _c104858
_d104858